[Event "DEM U12 2012"]
[Site "Oberhof GER"]
[Date "2012.05.27"]
[Round "1"]
[White "Schamber, Dennis"]
[Black "Spitzl, Vinzent"]
[Result "0-1"]
[Termination "normal"]
[Board "38"]
[WhiteElo "1108"]
[BlackElo "1725"]
[PlyCount "116"]
[WhiteFideId "12952176"]
[BlackFideId "12901253"]
[EventCountry "GER"]
[EventRounds "11"]
[EventType "swiss"]
[EventDate "2012.05.26"]

1. e4 c5 2. Nf3 d6 3. d4 cxd4 4. Nxd4 Nf6 5. Nc3 g6 6. f3 Bg7 7. Be3 O-O 8. Qd2
Nc6 9. O-O-O d5 10. Nxc6 bxc6 11. exd5 Nxd5 12. Nxd5 cxd5 13. Qxd5 Qc7 14. Qc4
Qe5 15. Qd4 Qb8 16. Bf4 e5 17. Qd6 Qxd6 18. Rxd6 exf4 19. g4 Be6 20. h4 Rab8
21. b3 Rfd8 22. Ra6 Rd7 23. h5 Rb6 24. Ra5 Rc7 25. hxg6 fxg6 26. Ra4 g5 27. Bd3
h6 28. Re1 Bd5 29. Be4 Bxe4 30. Raxe4 Kf7 31. c4 Rd6 32. Kc2 Rcd7 33. R1e2 Rd3
34. Re7+ Rxe7 35. Rxe7+ Kxe7 36. Kxd3 Ke6 37. Ke4 Bf8 38. a4 Bc5 39. a5 a6 40.
Kd3 Bb4 41. Kd4 Bxa5 42. c5 Bc7 43. b4 Kd7 44. Kd5 Bd8 45. c6+ Kc7 46. Kc5 Be7+
47. Kd5 Bxb4 48. Ke5 a5 49. Kf6 a4 50. Kg6 a3 51. Kxh6 Be7 52. Kh5 a2 53. Kg6
a1=Q 54. Kh5 Qb2 55. Kh6 Qf6+ 56. Kh7 Kxc6 57. Kg8 Qg6+ 58. Kh8 Bf6# 0-1

[Event "DEM U12 2012"]
[Site "Oberhof GER"]
[Date "2012.05.27"]
[Round "1"]
[White "Möller, Hannah"]
[Black "Savchenko, Daniel"]
[Result "0-1"]
[Termination "normal"]
[Board "40"]
[WhiteElo "1077"]
[BlackElo "1628"]
[PlyCount "100"]
[WhiteFideId "1270514"]
[BlackFideId "12919195"]
[EventCountry "GER"]
[EventRounds "11"]
[EventType "swiss"]
[EventDate "2012.05.26"]

1. c4 e6 2. Nc3 d5 3. cxd5 exd5 4. e3 c5 5. g3 Nc6 6. Bg2 Nf6 7. Nge2 Be7 8.
Nf4 Be6 9. h3 O-O 10. Qf3 Ne4 11. Qe2 Rb8 12. d4 cxd4 13. exd4 Nf6 14. Nxe6
fxe6 15. Qxe6+ Kh8 16. Be3 Bb4 17. O-O Bxc3 18. bxc3 Re8 19. Qf5 Qa5 20. Bd2
Nxd4 21. cxd4 Qxd2 22. Rfd1 Qa5 23. Bf1 Rbc8 24. Bd3 Qa4 25. g4 Rcd8 26. g5 Ne4
27. Bxe4 Rxe4 28. Rac1 Qxa2 29. Rc8 Ree8 30. Rxd8 Rxd8 31. Re1 Qa3 32. Qd7 Rf8
33. Re8 Qf3 34. Qe7 Qxf2+ 35. Kh1 Kg8 36. Rxf8+ Qxf8 37. Qe6+ Qf7 38. Qc8+ Qf8
39. Qe6+ Kh8 40. Qxd5 Qc8 41. Qg2 Qc1+ 42. Qg1 Qxg1+ 43. Kxg1 a5 44. Kf1 a4 45.
d5 a3 46. d6 a2 47. Ke2 a1=Q 48. d7 Qd4 49. h4 Qxd7 50. Kf3 b5 0-1

[Event "DEM U12 2012"]
[Site "Oberhof GER"]
[Date "2012.05.27"]
[Round "1"]
[White "Peters, Theresa"]
[Black "Gauchel, Lorenz"]
[Result "0-1"]
[Termination "normal"]
[Board "42"]
[WhiteElo "1070"]
[BlackElo "1620"]
[PlyCount "116"]
[WhiteFideId "12952192"]
[BlackFideId "12905283"]
[EventCountry "GER"]
[EventRounds "11"]
[EventType "swiss"]
[EventDate "2012.05.26"]

1. d4 d5 2. Nf3 Nf6 3. Bf4 e6 4. e3 c5 5. c4 Nc6 6. Bd3 dxc4 7. Bxc4 cxd4 8.
exd4 Bb4+ 9. Nc3 O-O 10. O-O a6 11. Ne2 b5 12. Bb3 Bb7 13. Qd3 Be7 14. a3 Na5
15. Bc2 Be4 16. Qd2 Bxc2 17. Qxc2 Rc8 18. Qd3 Nd5 19. Bg3 Qb6 20. Rac1 Rfd8 21.
Nf4 Nxf4 22. Bxf4 Nc6 23. Be3 Rd5 24. Ne5 Bf6 25. Nxc6 Rxc6 26. Rxc6 Qxc6 27.
Rc1 Qd7 28. g3 g6 29. Qc3 Bxd4 30. Bxd4 Rxd4 31. Qa5 Rd1+ 32. Rxd1 Qxd1+ 33.
Kg2 Qd6 34. Qc3 e5 35. Kf3 Kg7 36. Ke4 f6 37. Qe3 Qc6+ 38. Kd3 Qd5+ 39. Kc3
Qc4+ 40. Kd2 Qd5+ 41. Kc3 Qc4+ 42. Kd2 Qc7 43. Qd3 Kf7 44. Qb3+ Ke7 45. Qb4+
Qd6+ 46. Qxd6+ Kxd6 47. Kc3 Kc5 48. b4+ Kd5 49. Kd3 f5 50. Kc3 Ke4 51. Kb3 Kf3
52. a4 Kxf2 53. axb5 axb5 54. Kc3 e4 55. Kd4 e3 56. Kc5 e2 57. Kxb5 e1=Q 58.
Ka5 Ke3 0-1

[Event "DEM U12 2012"]
[Site "Oberhof GER"]
[Date "2012.05.27"]
[Round "1"]
[White "Kreyssig, Bruno"]
[Black "Zimmer, Luca"]
[Result "1-0"]
[Termination "normal"]
[Board "43"]
[WhiteElo "1741"]
[BlackElo "1051"]
[PlyCount "73"]
[WhiteFideId "4692489"]
[BlackFideId "12921424"]
[EventCountry "GER"]
[EventRounds "11"]
[EventType "swiss"]
[EventDate "2012.05.26"]

1. e4 e6 2. d4 d5 3. Nd2 c5 4. exd5 exd5 5. Bb5+ Nc6 6. Qe2+ Be6 7. dxc5 Bxc5
8. Nb3 Bd6 9. Nf3 Nge7 10. O-O O-O 11. Nbd4 Bg4 12. Be3 Be5 13. c3 Re8 14. h3
Bxf3 15. Nxf3 Nf5 16. Qd2 a6 17. Ba4 Re6 18. Rad1 Rd6 19. Bxc6 bxc6 20. Nxe5
Nxe3 21. fxe3 Ra7 22. Qd4 Rb7 23. c4 f6 24. Nf3 Rb4 25. b3 Qa5 26. Qc3 c5 27.
cxd5 Qxa2 28. Qxc5 Rbb6 29. Qc8+ Kf7 30. Ne5+ Ke7 31. Qc7+ Ke8 32. Qf7+ Kd8 33.
Qf8+ Kc7 34. Rc1+ Kb7 35. Rc8 fxe5 36. Rf7+ Rd7 37. Rxd7# 1-0

[Event "DEM U12 2012"]
[Site "Oberhof GER"]
[Date "2012.05.27"]
[Round "1"]
[White "Schulz, Theresa Charlotte"]
[Black "Burg, Niclas"]
[Result "0-1"]
[Termination "normal"]
[Board "44"]
[WhiteElo "1011"]
[BlackElo "1614"]
[PlyCount "120"]
[WhiteFideId "12952206"]
[BlackFideId "1271968"]
[EventCountry "GER"]
[EventRounds "11"]
[EventType "swiss"]
[EventDate "2012.05.26"]

1. e4 c5 2. Nf3 Nc6 3. d4 cxd4 4. Nxd4 Nf6 5. Nxc6 bxc6 6. e5 Nd5 7. Bc4 e6 8.
Bxd5 cxd5 9. Nc3 Bb4 10. O-O Qc7 11. Nb5 Qxe5 12. Qd4 Qxd4 13. Nxd4 Ba6 14. Rd1
Rc8 15. a3 Bc5 16. Nf3 Bb6 17. c3 Be2 18. Re1 Bxf3 19. gxf3 d4 20. cxd4 Bxd4
21. Bg5 Rc2 22. Rf1 Rxb2 23. Rac1 O-O 24. Be7 Rfb8 25. Bd6 Rd8 26. Rc4 Bb6 27.
Be7 Re8 28. Rfc1 Bxf2+ 29. Kf1 h6 30. Rc8 Rxc8 31. Rxc8+ Kh7 32. Rc7 Bb6 33.
Rxd7 Rxh2 34. Bd6 Rf2+ 35. Ke1 Rxf3 36. Ke2 Rf2+ 37. Ke1 g5 38. Bg3 Rf3 39. Be5
Re3+ 40. Kd2 Rxe5 41. Rxf7+ Kg6 42. Rd7 Rd5+ 43. Rxd5 exd5 44. a4 g4 45. Ke2 d4
46. Kf2 d3+ 47. Ke1 g3 48. Kf1 d2 49. Ke2 g2 50. Kxd2 g1=Q 51. Kd3 Qe3+ 52. Kc4
Qd4+ 53. Kb5 a6+ 54. Kxa6 Bd8 55. a5 Qc4+ 56. Kb7 Qc7+ 57. Ka6 Qc6+ 58. Ka7 Bc7
59. a6 Qb6+ 60. Ka8 Qb8# 0-1

[Event "DEM U12 2012"]
[Site "Oberhof GER"]
[Date "2012.05.27"]
[Round "1"]
[White "Hoppe, Andreas"]
[Black "ter Stal, Esther"]
[Result "1-0"]
[Termination "normal"]
[Board "45"]
[WhiteElo "1743"]
[BlackElo "984"]
[PlyCount "95"]
[WhiteFideId "12922811"]
[BlackFideId "12944467"]
[EventCountry "GER"]
[EventRounds "11"]
[EventType "swiss"]
[EventDate "2012.05.26"]

1. d4 Nf6 2. Nc3 d5 3. Bf4 e6 4. f3 c5 5. e3 Be7 6. Qd2 Nc6 7. Nge2 Nh5 8.
O-O-O Nxf4 9. Nxf4 a6 10. dxc5 Bxc5 11. e4 dxe4 12. Nxe4 Qxd2+ 13. Kxd2 Be7 14.
Bc4 Bd7 15. Kc1 Rd8 16. Nd3 O-O 17. Ndc5 Bc8 18. Nd3 b5 19. Bb3 Nd4 20. Ne5
Nxb3+ 21. axb3 Bb7 22. Nd7 Rfe8 23. Ndc5 Bc6 24. b4 Bxe4 25. fxe4 Bxc5 26. bxc5
a5 27. c3 b4 28. cxb4 axb4 29. Rd2 Rxd2 30. Kxd2 Rc8 31. Rc1 Rc6 32. Kd3 Kf8
33. Kc4 b3 34. Kxb3 Rc7 35. c6 Ke7 36. Kb4 Kd6 37. Kb5 Rc8 38. Rd1+ Kc7 39.
Rd7+ Kb8 40. Kb6 Rf8 41. Rb7+ Kc8 42. c7 Kd7 43. Rb8 Rc8 44. Rxc8 Kxc8 45. Kc6
f5 46. b4 fxe4 47. b5 e3 48. b6 1-0

[Event "DEM U12 2012"]
[Site "Oberhof GER"]
[Date "2012.05.27"]
[Round "1"]
[White "Kummer, Birte"]
[Black "Schirra, Maurice"]
[Result "0-1"]
[Termination "normal"]
[Board "46"]
[WhiteElo "963"]
[BlackElo "1617"]
[PlyCount "114"]
[WhiteFideId "12952214"]
[BlackFideId "12941115"]
[EventCountry "GER"]
[EventRounds "11"]
[EventType "swiss"]
[EventDate "2012.05.26"]

1. e4 e5 2. Bc4 Nf6 3. d4 exd4 4. Nf3 Bb4+ 5. Bd2 Bxd2+ 6. Qxd2 O-O 7. O-O Re8
8. e5 Ng4 9. Qxd4 Nh6 10. Nc3 Nc6 11. Qf4 Rf8 12. Rad1 Kh8 13. a3 f6 14. e6 d6
15. Rfe1 Ne5 16. Nxe5 fxe5 17. Qe4 Qf6 18. f3 Bxe6 19. Bd3 Bf5 20. Qxb7 Bxd3
21. Rxd3 Rfc8 22. Nd5 Qf7 23. b3 c6 24. Qxf7 Nxf7 25. Ne3 Re8 26. Nc4 d5 27.
Nd2 Ng5 28. Rde3 Nf7 29. f4 e4 30. c4 Rac8 31. Rc1 Nd6 32. cxd5 cxd5 33. Rxc8
Rxc8 34. g4 Rc2 35. Nf1 d4 36. Re1 e3 37. Nxe3 dxe3 38. Rxe3 Kg8 39. Re7 Rc3
40. Rxa7 Rxb3 41. Ra8+ Kf7 42. Ra7+ Kf8 43. Ra8+ Ne8 44. Kf2 Rd3 45. h4 g6 46.
Kg2 Re3 47. Ra7 h6 48. Rh7 Nf6 49. Rxh6 Kg7 50. Rxg6+ Kxg6 51. a4 Nxg4 52. a5
Ra3 53. a6 Rxa6 54. Kf3 Kf5 55. h5 Ra3+ 56. Kg2 Kxf4 57. h6 Ra2+ 0-1

[Event "DEM U12 2012"]
[Site "Oberhof GER"]
[Date "2012.05.27"]
[Round "1"]
[White "Christiansen, Anna"]
[Black "Müller, Elias"]
[Result "0-1"]
[Termination "normal"]
[Board "48"]
[WhiteElo "924"]
[BlackElo "1703"]
[PlyCount "70"]
[WhiteFideId "12952230"]
[BlackFideId "12917133"]
[EventCountry "GER"]
[EventRounds "11"]
[EventType "swiss"]
[EventDate "2012.05.26"]

1. e4 c6 2. d4 d5 3. exd5 cxd5 4. Nf3 Nc6 5. Nc3 Bf5 6. Bb5 e6 7. Ne5 Nge7 8.
O-O a6 9. Nxc6 Nxc6 10. Bd3 Nxd4 11. Bxf5 Nxf5 12. Re1 Bb4 13. Bd2 O-O 14. a3
Bd6 15. Be3 d4 16. Bxd4 Nxd4 17. Ne4 Rc8 18. c3 Nb5 19. a4 f5 20. Nxd6 Nxd6 21.
Rxe6 Rf6 22. Rxf6 Qxf6 23. Qd5+ Kh8 24. Re1 Rd8 25. Re6 Nf7 26. Rxf6 Rxd5 27.
h3 gxf6 28. c4 Rd4 29. Kf1 Rxc4 30. b3 Rb4 31. Ke2 Rxb3 32. Kd2 b5 33. axb5 a5
34. Kc2 a4 35. g3 Rxb5 0-1

[Event "DEM U12 2012"]
[Site "Oberhof GER"]
[Date "2012.05.27"]
[Round "1"]
[White "Muckle, Julius"]
[Black "Friedrich, Laura"]
[Result "1-0"]
[Termination "normal"]
[Board "49"]
[WhiteElo "1541"]
[BlackElo "840"]
[PlyCount "55"]
[WhiteFideId "12942430"]
[BlackFideId "12952249"]
[EventCountry "GER"]
[EventRounds "11"]
[EventType "swiss"]
[EventDate "2012.05.26"]

1. d4 d5 2. c4 dxc4 3. e3 Nf6 4. Bxc4 e6 5. Nc3 Bb4 6. a3 Bxc3+ 7. bxc3 O-O 8.
Bd3 Qd5 9. Nf3 Nc6 10. O-O Ng4 11. h3 Nf6 12. Qc2 g6 13. e4 Qa5 14. Bh6 Re8 15.
e5 Nd7 16. c4 Rb8 17. Bd2 Nb4 18. axb4 Qb6 19. c5 Qc6 20. b5 Qd5 21. Bc4 Qxf3
22. gxf3 Nf8 23. Rxa7 Bd7 24. Qe4 c6 25. b6 Ra8 26. Bh6 Rxa7 27. Qf4 Raa8 28.
Qf6 1-0

[Event "DEM U12 2012"]
[Site "Oberhof GER"]
[Date "2012.05.27"]
[Round "2"]
[White "Reuker, Jari"]
[Black "Vogel, Roven"]
[Result "0-1"]
[Termination "normal"]
[Board "1"]
[WhiteElo "1771"]
[BlackElo "1944"]
[PlyCount "113"]
[WhiteFideId "12909300"]
[BlackFideId "12908088"]
[EventCountry "GER"]
[EventRounds "11"]
[EventType "swiss"]
[EventDate "2012.05.26"]

1. e4 d6 2. d4 Nf6 3. Nc3 g6 4. Be3 c6 5. Qd2 Nbd7 6. f3 b5 7. a3 a6 8. Nge2
Nb6 9. Ng3 h5 10. h4 Bg7 11. Qf2 Qc7 12. d5 c5 13. Bd3 O-O 14. O-O Nfd7 15. f4
Nf6 16. Be2 Bg4 17. Rad1 Bxe2 18. Qxe2 Ng4 19. Bc1 Nc4 20. Rf3 Qa5 21. a4 Rab8
22. axb5 axb5 23. Nf1 Qb6 24. Kh1 Na5 25. Ne3 Nxe3 26. Qxe3 b4 27. Na4 Qb5 28.
b3 Bf6 29. g3 c4 30. Qe2 Qd7 31. e5 dxe5 32. fxe5 Bg7 33. d6 exd6 34. Rxd6 Qh3+
35. Kg1 cxb3 36. cxb3 Qg4 37. Kf2 Rbc8 38. Bf4 Qf5 39. Rd5 Nc6 40. Nb6 Ne7 41.
Bg5 Rc2 42. Rxf5 Rxe2+ 43. Kxe2 Nxd5 44. Nxd5 gxf5 45. Be7 Re8 46. Nf6+ Bxf6
47. exf6 Kh7 48. Kd3 Rg8 49. Bxb4 Rxg3+ 50. Kc2 Rg4 51. Be1 Kg6 52. b4 Kxf6 53.
Kb3 f4 54. Kc4 f3+ 55. Kc5 Rg2 56. b5 f2 57. Kd4 0-1

[Event "DEM U12 2012"]
[Site "Oberhof GER"]
[Date "2012.05.27"]
[Round "2"]
[White "Schröder, Kevin"]
[Black "Abbasov, Amil"]
[Result "1-0"]
[Termination "normal"]
[Board "2"]
[WhiteElo "2036"]
[BlackElo "1716"]
[PlyCount "105"]
[WhiteFideId "12929840"]
[BlackFideId "12930300"]
[EventCountry "GER"]
[EventRounds "11"]
[EventType "swiss"]
[EventDate "2012.05.26"]

1. d4 Nf6 2. Nf3 e6 3. g3 b6 4. Bg2 Bb7 5. c4 Be7 6. Nc3 Ne4 7. O-O O-O 8. Qc2
Nxc3 9. Qxc3 d6 10. Re1 Be4 11. b3 Bf6 12. Bb2 c5 13. Qe3 Bb7 14. Rad1 Nc6 15.
Qd2 Be7 16. d5 exd5 17. cxd5 Nb4 18. a3 Na6 19. e4 Nc7 20. Qf4 f5 21. exf5 Bxd5
22. Rxd5 Nxd5 23. Qc4 Kh8 24. Qxd5 Bf6 25. Bc1 Qd7 26. Ng5 Bxg5 27. Bxg5 Rae8
28. Re6 b5 29. Bf4 Rf6 30. Qxd6 Qxd6 31. Bxd6 Rfxe6 32. fxe6 Rxe6 33. Bxc5 Re1+
34. Bf1 Rb1 35. b4 a6 36. Kg2 Rb3 37. Bb6 Rxa3 38. Be2 Rb3 39. Ba5 Kg8 40. Bf3
Rd3 41. Bc7 h6 42. h4 Kf7 43. h5 Rd4 44. Be5 Rd7 45. Bc6 Rd3 46. Bb7 Rd1 47.
Bxa6 Rb1 48. Bd6 Ke6 49. Bc5 Kf5 50. Bxb5 Kg5 51. Be3+ Kf6 52. Bd4+ Kg5 53. f4+
1-0

[Event "DEM U12 2012"]
[Site "Oberhof GER"]
[Date "2012.05.27"]
[Round "2"]
[White "Kitze, Alexander"]
[Black "Herbrig, Alexander"]
[Result "1-0"]
[Termination "normal"]
[Board "3"]
[WhiteElo "1811"]
[BlackElo "1662"]
[PlyCount "79"]
[WhiteFideId "12914827"]
[BlackFideId "12952044"]
[EventCountry "GER"]
[EventRounds "11"]
[EventType "swiss"]
[EventDate "2012.05.26"]

1. e4 c5 2. Nf3 Nc6 3. d4 cxd4 4. Nxd4 Nf6 5. Nc3 d6 6. Bc4 e6 7. Be3 Be7 8. f3
a6 9. Qd2 Qc7 10. Bb3 Bd7 11. g4 h6 12. O-O-O Na5 13. h4 Nxb3+ 14. cxb3 Bc6 15.
g5 hxg5 16. hxg5 Rxh1 17. Rxh1 Nd7 18. g6 O-O-O 19. gxf7 Nf8 20. Kb1 Kb8 21.
Rc1 Qd7 22. Nxc6+ bxc6 23. Na4 Qb7 24. Qc3 c5 25. Qxg7 Qb5 26. Bg5 Bxg5 27.
Qxg5 Rd7 28. Qf4 Ka7 29. Rg1 Qd3+ 30. Ka1 Qd4 31. Rc1 Qg7 32. Rd1 Ng6 33. Qg3
Qxf7 34. Rxd6 Nf4 35. Qg1 Nd3 36. Rxd3 Rxd3 37. Qxc5+ Kb8 38. Qb6+ Qb7 39.
Qxb7+ Kxb7 40. Nc5+ 1-0

[Event "DEM U12 2012"]
[Site "Oberhof GER"]
[Date "2012.05.27"]
[Round "2"]
[White "Wächter, Nathalie"]
[Black "Schmidek, Emil"]
[Result "0-1"]
[Termination "normal"]
[Board "4"]
[WhiteElo "1656"]
[BlackElo "1800"]
[PlyCount "72"]
[WhiteFideId "12921033"]
[BlackFideId "12908150"]
[EventCountry "GER"]
[EventRounds "11"]
[EventType "swiss"]
[EventDate "2012.05.26"]

1. e4 e5 2. Nf3 Nc6 3. Bc4 Nf6 4. d3 Be7 5. c3 O-O 6. O-O d5 7. exd5 Nxd5 8.
Re1 Bg4 9. h3 Bh5 10. Be3 Bf6 11. Nbd2 Na5 12. Bb5 a6 13. Ba4 b5 14. Bc2 Re8
15. Ne4 Bh4 16. Ng3 Bxg3 17. fxg3 f5 18. Bf2 Nf6 19. Bb3+ Kh8 20. Bc2 Qc8 21.
Qd2 Bxf3 22. gxf3 Qb7 23. Qe2 Rad8 24. Rad1 Qd5 25. b4 Nb7 26. Bb3 Qc6 27. Rc1
e4 28. fxe4 fxe4 29. dxe4 Rxe4 30. Qc2 Nd6 31. Rcd1 Rde8 32. Rxe4 Ndxe4 33. Bf7
Nxf2 34. Qxf2 Rf8 35. Bd5 Qxc3 36. Rb1 Qd3 0-1

[Event "DEM U12 2012"]
[Site "Oberhof GER"]
[Date "2012.05.27"]
[Round "2"]
[White "Ovsepyan, Arshak"]
[Black "Zienert, Richard"]
[Result "1-0"]
[Termination "normal"]
[Board "5"]
[WhiteElo "1951"]
[BlackElo "1649"]
[PlyCount "115"]
[WhiteFideId "24690236"]
[BlackFideId "12945986"]
[EventCountry "GER"]
[EventRounds "11"]
[EventType "swiss"]
[EventDate "2012.05.26"]

1. e4 c5 2. Nc3 Nc6 3. g3 g6 4. Bg2 Bg7 5. d3 e6 6. Be3 Nge7 7. Qd2 Nd4 8. Nd1
d6 9. c3 Ndc6 10. f4 O-O 11. Ne2 Rb8 12. O-O b6 13. d4 cxd4 14. cxd4 d5 15. e5
Nf5 16. Ndc3 b5 17. Rac1 Qd7 18. Bf2 h5 19. h3 a5 20. Bf3 b4 21. Nd1 f6 22. Ne3
Nxe3 23. Bxe3 f5 24. g4 hxg4 25. hxg4 Ne7 26. Kg2 Ba6 27. Rh1 Kf7 28. Ng3 fxg4
29. Bxg4 Rh8 30. Ne2 Nf5 31. Bf2 Nh6 32. Bh3 Rbc8 33. Rcd1 Rc6 34. Ng1 Rhc8 35.
Nf3 Nf5 36. Ng5+ Kg8 37. Bxf5 gxf5 38. Qe3 Qe8 39. Rh7 R8c7 40. Rdh1 Qg6 41.
Qh3 Kf8 42. Rh8+ Bxh8 43. Qxh8+ Qg8 44. Qf6+ Rf7 45. Qd8+ Kg7 46. Rh7+ Qxh7 47.
Nxh7 Kxh7 48. Bh4 Rc2+ 49. Kf3 Rg7 50. Bg5 Rcc7 51. Bf6 Rc8 52. Qb6 Be2+ 53.
Kxe2 Rc2+ 54. Kf3 Rgg2 55. Bh4 Rgd2 56. Qb5 Kg6 57. Qe8+ Kh7 58. Qf7+ 1-0

[Event "DEM U12 2012"]
[Site "Oberhof GER"]
[Date "2012.05.27"]
[Round "2"]
[White "Schnabel, Bennett"]
[Black "Dürr, Florian"]
[Result "1-0"]
[Termination "normal"]
[Board "6"]
[WhiteElo "1693"]
[BlackElo "1934"]
[PlyCount "71"]
[WhiteFideId "12943290"]
[BlackFideId "24659134"]
[EventCountry "GER"]
[EventRounds "11"]
[EventType "swiss"]
[EventDate "2012.05.26"]

1. d4 Nf6 2. Nd2 d5 3. Ngf3 g6 4. e3 Bg7 5. Bd3 O-O 6. O-O Nbd7 7. c3 c5 8. e4
cxd4 9. cxd4 dxe4 10. Nxe4 b6 11. Re1 Bb7 12. Nc3 Nd5 13. Nxd5 Bxd5 14. Ne5 Bb7
15. Bf4 Nxe5 16. dxe5 Rc8 17. Qe2 Qd4 18. Bg3 Rfd8 19. Rad1 Qd5 20. f3 Qa5 21.
a3 Bh6 22. Bh4 Qc5+ 23. Kh1 Qc7 24. Bb5 Rd5 25. e6 f5 26. Rxd5 Bxd5 27. Bd7 Bc4
28. Qd1 g5 29. Bxc8 Qxc8 30. Qd7 Qc5 31. Qe8+ Kg7 32. Qf7+ Kh8 33. Bxg5 Qf2 34.
Rg1 Bf1 35. Qe8+ Kg7 36. Qxe7+ 1-0

[Event "DEM U12 2012"]
[Site "Oberhof GER"]
[Date "2012.05.27"]
[Round "2"]
[White "Spitzl, Vinzent"]
[Black "Baberz, Alexander"]
[Result "1/2-1/2"]
[Termination "normal"]
[Board "7"]
[WhiteElo "1725"]
[BlackElo "1815"]
[PlyCount "76"]
[WhiteFideId "12901253"]
[BlackFideId "12921734"]
[EventCountry "GER"]
[EventRounds "11"]
[EventType "swiss"]
[EventDate "2012.05.26"]

1. e4 c5 2. Nf3 d6 3. d4 cxd4 4. Nxd4 Nf6 5. Nc3 a6 6. a4 e6 7. Be2 Be7 8. O-O
O-O 9. Be3 Qc7 10. f4 Nbd7 11. Qd2 b6 12. Bf3 Bb7 13. Nb3 Rfd8 14. Rad1 Nc5 15.
Nxc5 bxc5 16. Qc1 Bc6 17. e5 dxe5 18. Bxc6 Qxc6 19. fxe5 Nd5 20. Nxd5 exd5 21.
b3 d4 22. Bg5 Qe6 23. Bxe7 Qxe7 24. Qf4 Rd5 25. Rde1 Rad8 26. Qe4 d3 27. cxd3
Rxd3 28. Qc4 Qe6 29. Qxc5 Rxb3 30. Rd1 Rbd3 31. Rxd3 Rxd3 32. Rc1 Rd8 33. Qc7
Qd5 34. Qc5 Qxc5+ 35. Rxc5 Kf8 36. Rc6 Ra8 37. a5 Ke7 38. Kf2 Kd7 1/2-1/2

[Event "DEM U12 2012"]
[Site "Oberhof GER"]
[Date "2012.05.27"]
[Round "2"]
[White "Höglauer, Patrick"]
[Black "Piskaykin, Bogdan"]
[Result "1/2-1/2"]
[Termination "normal"]
[Board "8"]
[WhiteElo "1847"]
[BlackElo "1560"]
[PlyCount "55"]
[WhiteFideId "1270548"]
[BlackFideId "12941212"]
[EventCountry "GER"]
[EventRounds "11"]
[EventType "swiss"]
[EventDate "2012.05.26"]

1. e4 c5 2. Nc3 e6 3. f4 d5 4. Bb5+ Nc6 5. Bxc6+ bxc6 6. Nf3 d4 7. Ne2 Nf6 8.
d3 Be7 9. O-O O-O 10. b3 a5 11. a4 Ba6 12. Ba3 Rc8 13. Ng3 Ng4 14. Bc1 f5 15.
h3 Nh6 16. Ng5 Rf6 17. Qe1 Qd7 18. Qxa5 Bb7 19. Nf3 Nf7 20. exf5 exf5 21. Ne5
Nxe5 22. fxe5 Rf7 23. Qb6 Bh4 24. Bf4 g5 25. Nh5 gxf4 26. Rxf4 Bg5 27. Rf3 Be3+
28. Kh1 1/2-1/2

[Event "DEM U12 2012"]
[Site "Oberhof GER"]
[Date "2012.05.27"]
[Round "2"]
[White "Savchenko, Daniel"]
[Black "Gungl, Theo"]
[Result "0-1"]
[Termination "normal"]
[Board "9"]
[WhiteElo "1628"]
[BlackElo "1818"]
[PlyCount "70"]
[WhiteFideId "12919195"]
[BlackFideId "24695653"]
[EventCountry "GER"]
[EventRounds "11"]
[EventType "swiss"]
[EventDate "2012.05.26"]

1. e4 e6 2. d4 d5 3. Nd2 c5 4. c3 Nc6 5. exd5 exd5 6. Ngf3 Nf6 7. Bd3 c4 8. Bc2
Bd6 9. O-O O-O 10. b3 cxb3 11. Bxb3 Bg4 12. Bb2 Bf4 13. Qc2 Rc8 14. Ba3 Re8 15.
Qd3 Qd7 16. Bc2 g6 17. Bd1 Bf5 18. Qb5 a6 19. Qb2 Na5 20. Qb6 Nc4 21. Nxc4 Re6
22. Nce5 Rxb6 23. Nxd7 Nxd7 24. Bb4 Re6 25. Bb3 Nf6 26. a4 Re2 27. Ra2 Rxa2 28.
Bxa2 Bc2 29. a5 Be4 30. Rd1 Re8 31. Nd2 Bc2 32. Rf1 Bxd2 33. f3 Bd3 34. Rd1
Re1+ 35. Rxe1 Bxe1 0-1

[Event "DEM U12 2012"]
[Site "Oberhof GER"]
[Date "2012.05.27"]
[Round "2"]
[White "Gauchel, Lorenz"]
[Black "Pallas, Sebastian"]
[Result "1-0"]
[Termination "normal"]
[Board "10"]
[WhiteElo "1620"]
[BlackElo "1793"]
[PlyCount "103"]
[WhiteFideId "12905283"]
[BlackFideId "12905453"]
[EventCountry "GER"]
[EventRounds "11"]
[EventType "swiss"]
[EventDate "2012.05.26"]

1. d4 Nf6 2. Bf4 d5 3. e3 c5 4. c3 Nc6 5. Nf3 Qb6 6. Qc1 Bf5 7. Nbd2 h6 8. h3
e6 9. Be2 Be7 10. O-O O-O 11. Ne5 Rac8 12. Ndf3 Qd8 13. Rd1 c4 14. Nxc6 bxc6
15. b3 cxb3 16. Ba6 Rb8 17. Bxb8 Qxb8 18. axb3 Qxb3 19. Bd3 Ne4 20. Bxe4 dxe4
21. Nd2 Qb7 22. Qc2 Bd6 23. Rdb1 Qd7 24. Nc4 Bb8 25. Nd2 Qe7 26. Nf1 Qg5 27.
Ra5 Qg6 28. Kh1 Qf6 29. Ng3 Qg6 30. Nxf5 exf5 31. Ra6 Qd6 32. g3 g5 33. Rg1 Kh8
34. f4 Qg6 35. Qg2 Qe6 36. Qa2 Qg6 37. Qe2 Rg8 38. Qa2 Qe6 39. Qe2 Qg6 40. Rg2
Qd6 41. Qc4 gxf4 42. gxf4 Rxg2 43. Kxg2 Qg6+ 44. Kh2 Qh5 45. Qf1 Qg6 46. d5 Qd6
47. Rxc6 Qd8 48. Qc4 Qh4 49. Qd4+ Kh7 50. Qd2 a5 51. d6 Bxd6 52. Rxd6 1-0

[Event "DEM U12 2012"]
[Site "Oberhof GER"]
[Date "2012.05.27"]
[Round "2"]
[White "Poghosyan, Tigran"]
[Black "Peter, Anton"]
[Result "1-0"]
[Termination "normal"]
[Board "11"]
[WhiteElo "1860"]
[BlackElo "1739"]
[PlyCount "45"]
[WhiteFideId "12909319"]
[BlackFideId "12901660"]
[EventCountry "GER"]
[EventRounds "11"]
[EventType "swiss"]
[EventDate "2012.05.26"]

1. e4 c5 2. Nf3 e6 3. d4 cxd4 4. Nxd4 Bc5 5. Be3 Qb6 6. Na3 a6 7. Nc4 Qc7 8.
Qg4 g6 9. Qg5 b5 10. Nd2 Be7 11. Qg3 Qxg3 12. hxg3 Bb7 13. a4 b4 14. Bd3 Nc6
15. Nc4 h5 16. Nxc6 dxc6 17. Na5 Bc8 18. Nxc6 Bd7 19. Nxe7 Nxe7 20. g4 Nc6 21.
Be2 Ke7 22. gxh5 gxh5 23. O-O-O 1-0

[Event "DEM U12 2012"]
[Site "Oberhof GER"]
[Date "2012.05.27"]
[Round "2"]
[White "Fieberg, Samuel"]
[Black "Dallinger, Moritz"]
[Result "1-0"]
[Termination "normal"]
[Board "12"]
[WhiteElo "1872"]
[BlackElo "1547"]
[PlyCount "69"]
[WhiteFideId "12901717"]
[BlackFideId "12910864"]
[EventCountry "GER"]
[EventRounds "11"]
[EventType "swiss"]
[EventDate "2012.05.26"]

1. e4 c5 2. Nf3 e6 3. d4 cxd4 4. Nxd4 a6 5. Nc3 Qc7 6. Be2 b5 7. a3 Bb7 8. f4
Nf6 9. Bf3 Nc6 10. Be3 Na5 11. e5 Nd5 12. Nxd5 exd5 13. Nf5 g6 14. Ng3 Nc4 15.
Bd4 Bg7 16. O-O O-O 17. b3 Nb6 18. Kh1 d6 19. exd6 Qxd6 20. Bxg7 Kxg7 21. Qd4+
Kg8 22. f5 Rac8 23. Rac1 Nd7 24. Bg4 Rc7 25. f6 Rfc8 26. Bxd7 Rxd7 27. Qh4 Qxa3
28. b4 h5 29. Nxh5 Rc4 30. Nf4 Qxb4 31. Rf3 Rxc2 32. Re1 Qe4 33. Rfe3 Rdc7 34.
Rxe4 dxe4 35. Qh6 1-0

[Event "DEM U12 2012"]
[Site "Oberhof GER"]
[Date "2012.05.27"]
[Round "2"]
[White "Burg, Niclas"]
[Black "Urban, Konstantin"]
[Result "1-0"]
[Termination "normal"]
[Board "13"]
[WhiteElo "1614"]
[BlackElo "1766"]
[PlyCount "55"]
[WhiteFideId "1271968"]
[BlackFideId "12927511"]
[EventCountry "GER"]
[EventRounds "11"]
[EventType "swiss"]
[EventDate "2012.05.26"]

1. e4 c5 2. Nf3 Nc6 3. d4 cxd4 4. Nxd4 Nf6 5. Nc3 e5 6. Ndb5 d6 7. Nd5 Nxd5 8.
exd5 Nb8 9. c4 Be7 10. c5 O-O 11. cxd6 Bxd6 12. Bc4 a6 13. Nxd6 Qxd6 14. O-O b5
15. Bb3 Bb7 16. f4 Nd7 17. fxe5 Qb6+ 18. Kh1 Nxe5 19. Bf4 Ng6 20. Bg3 Rad8 21.
Rc1 Rd7 22. d6 Qd8 23. Rc7 Rxc7 24. dxc7 Qa8 25. Rxf7 Kh8 26. Rxf8+ Qxf8 27.
Qd8 h5 28. Bd6 1-0